[Event "4NCL/Div3/FCA1 vs. WES2"]
[Site "Sunningdale ENG"]
[Date "2008.05.05"]
[Round "11.5"]
[White "Freeman, Richard C P"]
[Black "Taylor-Bowd, Phil"]
[Result "0-1"]
[WhiteElo "2088"]
[BlackElo "2048"]
[PlyCount "92"]
[EventDate "2008.05.05"]
[EventType "team"]
[EventRounds "11"]
[EventCountry "ENG"]
[SourceDate "2007.09.15"]

1. e4 c6 2. d4 d5 3. f3 g6 4. Nc3 Bg7 5. Be3 Qb6 6. Qd2 Qxb2 7. Rb1 Qa3 8. Rb3
Qa5 9. exd5 Nf6 10. dxc6 bxc6 11. Bc4 Nbd7 12. Rb1 Nb6 13. Bb3 Ba6 14. Nge2 Nc4
15. Bxc4 Bxc4 16. Kf2 O-O 17. Nc1 Rad8 18. Nb3 Qf5 19. h3 e5 20. g4 Qc8 21. Qc1
Bxb3 22. dxe5 Nd5 23. cxb3 Nb4 24. Qa3 Nd3+ 25. Kg2 Bxe5 26. Ne4 f5 27. Nc5
Nf4+ 28. Kf2 Nd5 29. Nd3 Bb8 30. Bxa7 Nc3 31. Bc5 Nxb1 32. Rxb1 Rxd3 33. Bxf8
Qxf8 34. Qxf8+ Kxf8 35. Ke2 Rc3 36. a4 Ba7 37. gxf5 gxf5 38. b4 Kf7 39. b5 cxb5
40. Rxb5 Kg6 41. Rb7 Be3 42. Rd7 f4 43. Rd6+ Kg5 44. Rd5+ Kh4 45. a5 Rc2+ 46.
Ke1 Kg3 0-1

[Event "4NCL/Div3/FCA1 vs. WES2"]
[Site "Sunningdale ENG"]
[Date "2008.05.05"]
[Round "11.6"]
[White "Tunks, Dominic"]
[Black "Fraser-Mitchell, Jeremy"]
[Result "1-0"]
[WhiteElo "1936"]
[BlackElo "2036"]
[PlyCount "91"]
[EventDate "2008.05.05"]
[EventType "team"]
[EventRounds "11"]
[EventCountry "ENG"]
[SourceDate "2007.09.15"]

1. e4 e6 2. Nf3 d5 3. e5 c5 4. d3 Nc6 5. Bf4 f6 6. h4 fxe5 7. Nxe5 Qf6 8. Qh5+
g6 9. Qg5 Bg7 10. Qxf6 Bxf6 11. Nxc6 bxc6 12. Nc3 Ne7 13. Na4 Nf5 14. g3 O-O
15. c3 Be7 16. Be5 Nh6 17. Bh3 Nf7 18. Bf4 e5 19. Be3 d4 20. Bd2 Bxh3 21. Rxh3
Nd8 22. cxd4 cxd4 23. Rc1 Rc8 24. Nc5 Re8 25. Ne4 Nf7 26. Bg5 h6 27. Bxe7 Rxe7
28. Ke2 Kg7 29. Rhh1 Re6 30. Rc5 Nd8 31. Rhc1 Rb8 32. R1c2 Rb6 33. Ra5 Re7 34.
Nd6 Rb8 35. Kf3 Kf6 36. Ke4 g5 37. Nf5 Reb7 38. b3 gxh4 39. gxh4 Rb5 40. Rxa7
R8b6 41. Nd6 Rd5 42. Ne8+ Kg6 43. Rg7+ Kh5 44. Nf6+ Kxh4 45. Rc1 Ne6 46. Rh1#
1-0

[Event "4NCL/Div3/FCA1 vs. WES2"]
[Site "Sunningdale ENG"]
[Date "2008.05.05"]
[Round "11.7"]
[White "Majer, Chris E"]
[Black "Khoo, Selina"]
[Result "1-0"]
[WhiteElo "2077"]
[BlackElo "1996"]
[PlyCount "87"]
[EventDate "2008.05.05"]
[EventType "team"]
[EventRounds "11"]
[EventCountry "ENG"]
[SourceDate "2007.09.15"]

1. e4 c6 2. Nf3 d5 3. exd5 cxd5 4. Ne5 Nc6 5. d4 Nf6 6. f4 Bf5 7. c3 e6 8. Bb5
Qb6 9. Qa4 Rc8 10. Nd2 Be7 11. Ndf3 O-O 12. O-O a6 13. Be2 Rfd8 14. Qb3 Qa7 15.
Ng5 Nxe5 16. fxe5 Ne4 17. Nxe4 Bxe4 18. Bh5 f6 19. exf6 Bxf6 20. Bg4 Rc6 21.
Kh1 a5 22. a4 Rb6 23. Qd1 Rf8 24. Qe2 Qb8 25. Bf4 Qe8 26. Bc7 Ra6 27. Qb5 Qg6
28. Bh3 Bd3 29. Qxb7 Bxf1 30. Rxf1 Qd3 31. Qb5 Qc4 32. Re1 Bg5 33. g3 e5 34.
dxe5 Rh6 35. Qxc4 dxc4 36. Bg2 Kh8 37. Bxa5 Ra6 38. Bb4 Re8 39. a5 g6 40. Bd5
Bd8 41. Bxc4 Ra7 42. a6 Bb6 43. e6 Kg7 44. Bb5 1-0

[Event "4NCL/Div3/FCA1 vs. WES2"]
[Site "Sunningdale ENG"]
[Date "2008.05.05"]
[Round "11.8"]
[White "Coburn, Joe"]
[Black "Evans, Helen"]
[Result "1-0"]
[WhiteElo "1945"]
[BlackElo "1695"]
[PlyCount "75"]
[EventDate "2008.05.05"]
[EventType "team"]
[EventRounds "11"]
[EventCountry "ENG"]
[SourceDate "2007.09.15"]

1. d4 d6 2. e4 Nf6 3. Nc3 c6 4. Nf3 Bg4 5. Be2 e6 6. Be3 Be7 7. Qd2 Qc7 8. h3
Bh5 9. a3 a6 10. Bd3 d5 11. Ne5 dxe4 12. Nxe4 Nxe4 13. Bxe4 Bd6 14. Nc4 Nd7 15.
Nxd6+ Qxd6 16. Bf4 Qe7 17. g4 Bg6 18. Bg2 Nb6 19. Bg3 h5 20. O-O-O Nd5 21. c4
Nb6 22. Qc3 Qg5+ 23. f4 Qf6 24. Rhe1 hxg4 25. hxg4 O-O-O 26. g5 Qe7 27. d5 Na4
28. Qa5 Nc5 29. Qc3 Na4 30. Qe3 cxd5 31. f5 Bxf5 32. Rxd5 Rxd5 33. Bxd5 Nc5 34.
Re2 Rh3 35. Bg2 Rh8 36. Rd2 Rh5 37. Qe5 Rxg5 38. Qb8# 1-0

[Event "4NCL/Div3/MIN vs. SWD2"]
[Site "Sunningdale ENG"]
[Date "2008.05.05"]
[Round "11.1"]
[White "Parker, Robert"]
[Black "Trevelyan, John"]
[Result "1/2-1/2"]
[WhiteElo "2089"]
[BlackElo "2181"]
[PlyCount "82"]
[EventDate "2008.05.05"]
[EventType "team"]
[EventRounds "11"]
[EventCountry "ENG"]
[SourceDate "2007.09.15"]

1. c4 Nc6 2. Nc3 e5 3. g3 f5 4. Bg2 Nf6 5. d3 Bc5 6. Nf3 d6 7. O-O a6 8. a3 O-O
9. b4 Bb6 10. Bb2 Qe8 11. Rc1 Bd7 12. e3 Qh5 13. Nd2 Qh6 14. Nd5 Nxd5 15. Bxd5+
Kh8 16. c5 Ba7 17. Bg2 f4 18. exf4 exf4 19. Ne4 Rae8 20. Qd2 Bh3 21. Bxh3 Qxh3
22. gxf4 Qg4+ 23. Kh1 Qf3+ 24. Kg1 Rxf4 25. Ng3 dxc5 26. Bxg7+ Kg8 27. bxc5 h5
28. Bh6 Rg4 29. Rc4 Ne5 30. Rxg4+ Qxg4 31. Qb4 h4 32. Qxg4+ Nxg4 33. Ne4 Nxh6
34. Nf6+ Kf7 35. Nxe8 Kxe8 36. Re1+ Kf7 37. Re5 Kf6 38. d4 Nf5 39. Rd5 Ke6 40.
Re5+ Kf6 41. Rd5 Ke6 1/2-1/2

[Event "4NCL/Div3/MIN vs. SWD2"]
[Site "Sunningdale ENG"]
[Date "2008.05.05"]
[Round "11.2"]
[White "Spice, Alan"]
[Black "Ackley, Peter"]
[Result "1-0"]
[WhiteElo "2165"]
[BlackElo "2132"]
[PlyCount "107"]
[EventDate "2008.05.05"]
[EventType "team"]
[EventRounds "11"]
[EventCountry "ENG"]
[SourceDate "2007.09.15"]

1. Nc3 e6 2. e4 d5 3. d4 Bb4 4. exd5 exd5 5. Bd3 Nc6 6. a3 Bxc3+ 7. bxc3 Nge7
8. Qh5 Be6 9. Nf3 Qd7 10. Ng5 O-O-O 11. Nxe6 Qxe6+ 12. Qe2 Qxe2+ 13. Kxe2 Rde8
14. Re1 Nf5+ 15. Kf1 Rxe1+ 16. Kxe1 Re8+ 17. Kf1 Nd6 18. Rb1 Na5 19. Bf4 Nac4
20. f3 b6 21. a4 Kd7 22. Kf2 c6 {=} 23. h4 h6 24. g4 f6 25. Bg6 Re6 26. Bd3 Re8
27. Bg6 Re6 28. Kg3 Ne3 29. Bd3 Nec4 30. g5 hxg5 31. hxg5 fxg5 32. Bxg5 Ne3 33.
Rh1 Nef5+ 34. Kf4 Nh6 35. Rg1 Ke8 36. Bxh6 gxh6 37. Rg8+ Kf7 38. Ra8 Re7 39.
Rh8 Ke6 40. Rxh6+ Kd7 41. Rh8 Re1 42. Rh7+ Re7 43. Rh1 a5 44. Kg5 Rg7+ 45. Kh6
Rf7 46. Rf1 b5 47. axb5 Nxb5 48. Kg6 Rf8 49. f4 Nxc3 50. f5 Ne4 51. Bxe4 dxe4
52. Kg7 Ra8 53. f6 Ke6 54. c4 1-0

[Event "4NCL/Div3/MIN vs. SWD2"]
[Site "Sunningdale ENG"]
[Date "2008.05.05"]
[Round "11.4"]
[White "Brown, Alan M"]
[Black "Almond, Richard"]
[Result "0-1"]
[WhiteElo "2129"]
[BlackElo "2144"]
[PlyCount "82"]
[EventDate "2008.05.05"]
[EventType "team"]
[EventRounds "11"]
[EventCountry "ENG"]
[SourceDate "2007.09.15"]

1. d4 d5 2. Nf3 Nf6 3. c4 e6 4. Bg5 Be7 5. e3 O-O 6. Nc3 Nbd7 7. Rc1 b6 8. cxd5
exd5 9. Qa4 Bb7 10. Ba6 Bxa6 11. Qxa6 c5 12. O-O Qc8 13. Qe2 Qb7 14. dxc5 bxc5
15. b3 Nb6 16. Rfd1 Rfd8 17. Qb5 Rac8 18. Na4 Ne4 19. Bxe7 Qxe7 20. Nxb6 Qb7
21. Nd2 Nd6 22. Qe2 axb6 23. Nb1 Ne4 24. Nc3 Nxc3 25. Rxc3 b5 26. h3 h6 27. Qf3
Rd7 28. Rdc1 c4 29. bxc4 dxc4 30. Qxb7 Rxb7 31. a3 Ra8 32. Rb1 Ra4 33. Kf1 Kf8
34. Ke2 Ke7 35. e4 Kd6 36. Kf3 Kc5 37. Re1 Rba7 38. Ree3 b4 39. axb4+ Kxb4 40.
Ke2 Ra2+ 41. Ke1 R7a3 0-1

[Event "4NCL/Div3/MIN vs. SWD2"]
[Site "Sunningdale ENG"]
[Date "2008.05.05"]
[Round "11.5"]
[White "Hardman, Michael J"]
[Black "Morris, Gareth L"]
[Result "0-1"]
[WhiteElo "2106"]
[BlackElo "2133"]
[PlyCount "144"]
[EventDate "2008.05.05"]
[EventType "team"]
[EventRounds "11"]
[EventCountry "ENG"]
[SourceDate "2007.09.15"]

1. d4 Nf6 2. Nf3 c5 3. g3 cxd4 4. Nxd4 e5 5. Nf3 e4 6. Nd4 d5 7. Bg2 Nc6 8. O-O
Bc5 9. Nxc6 bxc6 10. c4 O-O 11. cxd5 cxd5 12. Nc3 h6 13. Na4 Bd6 14. Be3 Qa5
15. Bd4 Be7 16. a3 Bd7 17. Nc3 Be6 18. b4 Qd8 19. Na4 Nd7 20. Rc1 {=} Nb6 21.
Nxb6 axb6 22. Qb3 Qd6 23. Qb2 f6 24. Rc2 Rfc8 25. Rfc1 Rxc2 26. Rxc2 Bd7 27.
Qc1 Bd8 28. Qb2 Bb5 29. f3 Qe6 30. fxe4 dxe4 31. Qa2 Qxa2 32. Rxa2 f5 33. Rc2
Kf7 34. Bb2 Ra7 35. Kf2 Rd7 36. g4 Bh4+ 37. Ke3 Bg5+ 38. Kf2 e3+ 39. Kf3 fxg4+
40. Kxg4 Rd2 41. Rc7+ Bd7+ 42. Kf3 Bd8 43. Ra7 Kg6 44. Kxe3 Bg5+ 45. Kf2 Bh4+
46. Ke3 Bg5+ 47. Kf2 Bg4 48. Bxg7 Rxe2+ 49. Kg3 Re3+ 50. Kf2 Re2+ 51. Kg3 h5
52. Bd4 Bd2 53. Rg7+ Kf5 54. Rf7+ Ke6 55. Rf8 Be1+ 56. Bf2 Bxf2+ 57. Rxf2 h4+
58. Kxg4 Rxf2 59. Bh3 Kd5 60. Kxh4 Rxh2 61. Kg3 Rxh3+ 62. Kxh3 Kc4 63. Kg3 Kb3
64. Kf3 Kxa3 65. b5 Kb4 66. Ke3 Kxb5 67. Kd3 Kb4 68. Kc2 Ka3 69. Kb1 Kb3 70.
Ka1 b5 71. Kb1 b4 72. Kc1 Ka2 0-1

[Event "4NCL/Div3/MIN vs. SWD2"]
[Site "Sunningdale ENG"]
[Date "2008.05.05"]
[Round "11.7"]
[White "Twitchell, Neville H"]
[Black "Miles, Richard"]
[Result "1-0"]
[WhiteElo "1975"]
[BlackElo "2071"]
[PlyCount "123"]
[EventDate "2008.05.05"]
[EventType "team"]
[EventRounds "11"]
[EventCountry "ENG"]
[SourceDate "2007.09.15"]

1. Nf3 Nf6 2. c4 c5 3. g3 Nc6 4. Bg2 d5 5. cxd5 Nxd5 6. O-O e5 7. Nc3 Be7 8.
Nxe5 Nxc3 9. Nxc6 Nxd1 10. Nxd8 Bxd8 11. Rxd1 Bc7 12. d3 Rb8 13. Be3 b6 14.
Rac1 Be5 15. d4 cxd4 16. Bxd4 Bxd4 17. Rxd4 O-O 18. Rc7 a6 19. Bd5 Bf5 20. g4
Bb1 21. Rf4 Bg6 22. h4 h5 23. g5 Rbd8 24. e4 Rc8 25. Bxf7+ Bxf7 26. Rfxf7 Rxc7
27. Rxc7 Rf4 28. Kg2 Rxe4 29. Rc6 Rb4 30. b3 Kf7 31. Rc4 Rb5 32. Kf3 Kg6 33.
Ke4 Kf7 34. f4 g6 35. Rc7+ Kg8 36. Rc6 Kg7 37. Kd4 a5 38. Rf6 Kh7 39. Rf7+ Kg8
40. Rd7 Kf8 41. Rd5 Rb4+ 42. Ke5 Ke7 43. Rd4 Rb5+ 44. Ke4 Ke6 45. Rc4 Kd7 46.
Kd4 Rf5 47. Kc3 Kd6 48. a4 Kd7 49. Re4 Kd6 50. Kc4 Rc5+ 51. Kd4 Rd5+ 52. Ke3
Rc5 53. Rc4 Rf5 54. Rc8 Rf7 55. Rg8 Re7+ 56. Kd4 Re6 57. Rg7 Kc6 58. Rf7 Kd6
59. f5 gxf5 60. Rxf5 Re1 61. Rf6+ Kc7 62. Rh6 1-0

[Event "4NCL/Div3/MIN vs. SWD2"]
[Site "Sunningdale ENG"]
[Date "2008.05.05"]
[Round "11.8"]
[White "van Kemenade, Julie"]
[Black "Barr, Gabriel"]
[Result "1-0"]
[WhiteElo "1764"]
[BlackElo "1850"]
[PlyCount "59"]
[EventDate "2008.05.05"]
[EventType "team"]
[EventRounds "11"]
[EventCountry "ENG"]
[SourceDate "2007.09.15"]

1. e4 c5 2. Bc4 e6 3. Nc3 Nc6 4. a3 a6 5. f4 b5 6. Ba2 Bb7 7. d3 b4 8. axb4
cxb4 9. Nce2 d5 10. Be3 d4 11. Bf2 Nf6 12. Nf3 Bc5 13. h3 Qb6 14. O-O a5 15.
Ng5 Ne7 16. Ng3 h6 17. Nxf7 Kxf7 18. f5 Nxf5 19. Nxf5 g6 20. Nh4 Kg7 21. Bg3 g5
22. Rxf6 Kxf6 23. Qf3+ Ke7 24. Ng6+ Kd8 25. Nxh8 Be7 26. Qf7 Bc8 27. Ng6 Ra7
28. Qg8+ Kd7 29. Nxe7 Bb7 30. Ng6 1-0

[Event "4NCL/Div3/PAND vs. JUTK"]
[Site "Sunningdale ENG"]
[Date "2008.05.05"]
[Round "11.1"]
[White "Mannion, Stephen"]
[Black "Williams, Simon K"]
[Result "1-0"]
[WhiteElo "2361"]
[BlackElo "2492"]
[PlyCount "95"]
[EventDate "2008.05.05"]
[EventType "team"]
[EventRounds "11"]
[EventCountry "ENG"]
[SourceDate "2007.09.15"]

1. e4 c5 2. Nf3 Nc6 3. d4 cxd4 4. Nxd4 Nf6 5. Nc3 d6 6. Bg5 e6 7. Qd2 a6 8.
O-O-O Bd7 9. f3 Be7 10. h4 h6 11. Be3 b5 12. g4 Nxd4 13. Bxd4 b4 14. Ne2 e5 15.
Be3 Qa5 16. Kb1 Be6 17. Nc1 d5 18. exd5 Nxd5 19. Nb3 Qc7 20. Bd3 a5 21. Be4 Rd8
22. Qf2 Nxe3 23. Rxd8+ Bxd8 24. Qxe3 a4 25. Nc5 Qa7 26. Bc6+ Ke7 27. Qxe5 Bc7
28. Qd4 Bb6 29. Qxg7 Bxc5 30. Qxh8 Bg1 31. Qe8+ Kd6 32. Bxa4 Ke5 33. Bb3 Qf2
34. a4 bxa3 35. bxa3 Qg2 36. Rxg1 Qxg1+ 37. Ka2 Qf2 38. Qc6 Qxh4 39. a4 Qd8 40.
Bxe6 fxe6 41. Qe4+ Kf6 42. f4 Qd2 43. Kb3 Qd1 44. g5+ hxg5 45. fxg5+ Kxg5 46.
Qxe6 Qb1+ 47. Kc3 Qa1+ 48. Kb4 1-0

[Event "4NCL/Div3/PAND vs. JUTK"]
[Site "Sunningdale ENG"]
[Date "2008.05.05"]
[Round "11.2"]
[White "Harakis, Alexis"]
[Black "Walton, Alan J"]
[Result "1/2-1/2"]
[WhiteElo "2220"]
[BlackElo "2217"]
[PlyCount "78"]
[EventDate "2008.05.05"]
[EventType "team"]
[EventRounds "11"]
[EventCountry "ENG"]
[SourceDate "2007.09.15"]

1. d4 e6 2. c4 f5 3. Nf3 Nf6 4. Nc3 Be7 5. Qc2 O-O 6. h3 d5 7. Bf4 Ne4 8. e3 c6
9. Bd3 Nd7 10. Ne5 Nxe5 11. Bxe5 Bd6 12. Bxd6 Qxd6 13. O-O-O Bd7 14. f3 Nxc3
15. Qxc3 Qg3 16. Rd2 Be8 17. Kb1 Bg6 18. Re2 Rae8 19. h4 Qd6 20. h5 Bf7 21. f4
dxc4 22. Bxc4 c5 23. dxc5 Qxc5 24. h6 gxh6 25. Rh3 Qc6 26. Rg3+ Bg6 27. Qb3 a6
28. a4 Kf7 29. Rc2 Rc8 30. e4 b5 31. axb5 axb5 32. Bd3 Qb6 33. Qxb5 Qg1+ 34.
Bf1 Rxc2 35. Qd7+ Kg8 36. Qxe6+ Rf7 37. Qe8+ Kg7 38. Qe5+ Kg8 39. Qe8+ Kg7
1/2-1/2

[Event "4NCL/Div3/PAND vs. JUTK"]
[Site "Sunningdale ENG"]
[Date "2008.05.05"]
[Round "11.3"]
[White "Stone, Andrew"]
[Black "Cooley, Chris"]
[Result "1-0"]
[WhiteElo "2228"]
[BlackElo "2272"]
[PlyCount "72"]
[EventDate "2008.05.05"]
[EventType "team"]
[EventRounds "11"]
[EventCountry "ENG"]
[SourceDate "2007.09.15"]

1. d4 Nf6 2. Bg5 d5 3. Bxf6 gxf6 4. e3 Bf5 5. Bd3 Qd7 6. Ne2 Nc6 7. Bxf5 Qxf5
8. Ng3 Qg6 9. Nc3 e6 10. a3 h5 11. h4 O-O-O 12. b4 Bh6 13. Nce2 e5 14. c3 Rhe8
15. Qb1 e4 16. Rh2 f5 17. Nf1 {=} Ne7 18. g3 Kb8 19. a4 Nc8 20. Rh1 Nd6 21. Nd2
Qf6 22. Qd1 Rg8 23. Qb3 Qe6 24. Rc1 f4 25. gxf4 Rg2 26. c4 Qg4 27. cxd5 Nf5 28.
Qc2 Rc8 29. Qxe4 Bf8 30. Kf1 Qxe2+ 31. Kxg2 Qxd2 32. Qxf5 Bxb4 33. Kf3 Bd6 34.
Rhg1 Qa2 35. Qxf7 Qxa4 36. Rg8 a6 {time} 1-0

[Event "4NCL/Div3/PAND vs. JUTK"]
[Site "Sunningdale ENG"]
[Date "2008.05.05"]
[Round "11.4"]
[White "Mack, Andy"]
[Black "Cumbers, Paul"]
[Result "1/2-1/2"]
[WhiteElo "2236"]
[BlackElo "2156"]
[PlyCount "29"]
[EventDate "2008.05.05"]
[EventType "team"]
[EventRounds "11"]
[EventCountry "ENG"]
[SourceDate "2007.09.15"]

1. e4 e6 2. d4 d5 3. Nd2 Be7 4. Bd3 c5 5. dxc5 Nf6 6. Qe2 a5 7. Ngf3 Na6 8.
exd5 exd5 9. Bb5+ Kf8 10. Nb3 Nxc5 11. Nxc5 Bxc5 12. Bg5 Bf5 13. O-O-O Rc8 14.
Bd3 Be6 15. Kb1 1/2-1/2

[Event "4NCL/Div3/PAND vs. JUTK"]
[Site "Sunningdale ENG"]
[Date "2008.05.05"]
[Round "11.5"]
[White "Woolley, Jos"]
[Black "Ethelontis, Alexos"]
[Result "1/2-1/2"]
[WhiteElo "2101"]
[BlackElo "2160"]
[PlyCount "84"]
[EventDate "2008.05.05"]
[EventType "team"]
[EventRounds "11"]
[EventCountry "ENG"]
[SourceDate "2007.09.15"]

1. b3 e5 2. Bb2 Nc6 3. e3 Nf6 4. Bb5 Bd6 5. Nf3 e4 6. Nh4 Be5 7. Bxe5 Nxe5 8.
f4 exf3 9. Nxf3 Qe7 10. Nc3 c6 11. Be2 d5 12. O-O Neg4 13. Qe1 h5 14. h3 Qd6
15. Bd3 Ne5 16. Qg3 Nxf3+ 17. Rxf3 Qxg3 18. Rxg3 Kf8 19. b4 Be6 20. Rb1 h4 21.
Rf3 Nd7 22. Rf2 Ke7 23. Ne2 Ne5 24. Nd4 Nxd3 25. cxd3 f6 26. Rb3 Rhc8 27. Rf1
Bd7 28. Rc1 Kd6 29. Nf3 g5 30. d4 Rg8 31. Kf2 Rae8 32. Ne1 Re7 33. Nd3 Bf5 34.
Nc5 g4 35. hxg4 Rxg4 36. Rh1 Reg7 37. Rh2 Be4 38. Nxe4+ dxe4 39. Rc3 R7g5 40.
Rc5 Rxc5 41. bxc5+ Kd5 42. Rh1 b5 1/2-1/2

[Event "4NCL/Div3/PAND vs. JUTK"]
[Site "Sunningdale ENG"]
[Date "2008.05.05"]
[Round "11.6"]
[White "Rice, Chris"]
[Black "Coates, David"]
[Result "1-0"]
[WhiteElo "2108"]
[BlackElo "2050"]
[PlyCount "57"]
[EventDate "2008.05.05"]
[EventType "team"]
[EventRounds "11"]
[EventCountry "ENG"]
[SourceDate "2007.09.15"]

1. c4 c5 2. g3 Nc6 3. Bg2 g6 4. Nc3 Bg7 5. a3 d6 6. Rb1 a5 7. Nh3 e5 8. d3 Nge7
9. Bd2 O-O 10. O-O f6 11. f4 Be6 12. Nd5 Rb8 13. b4 axb4 14. axb4 b6 15. b5 Nd4
16. e3 Ndf5 17. Qb3 Nxd5 18. cxd5 Bf7 19. Ra1 Re8 20. Ra7 Re7 21. Rfa1 Qe8 22.
Kf2 exf4 23. Nxf4 Nxe3 24. Bxe3 Rxe3 25. Ne6 Bh6 26. Rc7 Kh8 27. Raa7 Bg8 28.
Be4 Ra8 29. Qc3 1-0

[Event "4NCL/Div3/PAND vs. JUTK"]
[Site "Sunningdale ENG"]
[Date "2008.05.05"]
[Round "11.7"]
[White "McCarthy, Kevin"]
[Black "Donovan, Nigel"]
[Result "1/2-1/2"]
[WhiteElo "2045"]
[BlackElo "2117"]
[PlyCount "47"]
[EventDate "2008.05.05"]
[EventType "team"]
[EventRounds "11"]
[EventCountry "ENG"]
[SourceDate "2007.09.15"]

1. d4 Nf6 2. Nc3 d5 3. e4 dxe4 4. f3 exf3 5. Nxf3 g6 6. Bc4 Bg7 7. Bg5 Nbd7 8.
Qd2 h6 9. Bh4 O-O 10. O-O-O Nb6 11. Bb3 Nbd5 12. Nxd5 Nxd5 13. Rde1 a5 14. a3
b5 15. Ne5 Bb7 16. Rhf1 a4 17. Ba2 g5 18. Bg3 b4 19. h4 bxa3 20. bxa3 Qd6 21.
Rf3 Nf4 22. Rc3 Bd5 23. Bxd5 Nxd5 24. Rd3 1/2-1/2

[Event "4NCL/Div3/PAND vs. JUTK"]
[Site "Sunningdale ENG"]
[Date "2008.05.05"]
[Round "11.8"]
[White "Wilson, Alexandra"]
[Black "Gallagher, Marie"]
[Result "1-0"]
[WhiteElo "2044"]
[BlackElo "1730"]
[PlyCount "75"]
[EventDate "2008.05.05"]
[EventType "team"]
[EventRounds "11"]
[EventCountry "ENG"]
[SourceDate "2007.09.15"]

1. e4 g6 2. d4 d6 3. Nc3 Bg7 4. Be3 b6 5. Qd2 c5 6. h4 Nf6 7. f3 Nh5 8. Nge2
Nd7 9. g4 Nhf6 10. h5 Bb7 11. O-O-O cxd4 12. Nxd4 a6 13. Bh6 Bf8 14. Bxf8 Rxf8
15. hxg6 hxg6 16. Bc4 b5 17. Bb3 Nc5 18. Bd5 Qc7 19. Qg5 b4 20. Bxb7 Nxb7 21.
Nd5 Nxd5 22. exd5 O-O-O 23. Nc6 Rde8 24. Rhe1 e5 25. Nxb4 Nc5 26. Kb1 Rh8 27.
f4 Qb7 28. a3 a5 29. Na2 Rh3 30. fxe5 Na4 31. Qc1 Rxa3 32. Ka1 Rg3 33. exd6
Rxe1 34. Rxe1 Qxd5 35. Qf4 Qb5 36. b3 Rg2 37. bxa4 Qc6 38. Qxf7 1-0

[Event "4NCL/Div3/CAMB2 vs. ANGA1"]
[Site "Sunningdale ENG"]
[Date "2008.05.05"]
[Round "11.1"]
[White "Spencer, Carl"]
[Black "Talsma, Paul A"]
[Result "1/2-1/2"]
[WhiteElo "2115"]
[BlackElo "2235"]
[PlyCount "67"]
[EventDate "2008.05.05"]
[EventType "team"]
[EventRounds "11"]
[EventCountry "ENG"]
[SourceDate "2007.09.15"]

1. e4 e5 2. f4 exf4 3. Nf3 Be7 4. d4 Bh4+ 5. Ke2 d6 6. Bxf4 Bg4 7. Qd3 Nc6 8.
Nc3 Bf6 9. Be3 Nge7 10. Kd2 O-O 11. Re1 Nb4 12. Qc4 c5 13. d5 Ng6 14. a3 Na6
15. e5 Nxe5 16. Nxe5 Bxe5 17. Qxg4 f5 18. Qh3 Nc7 19. Bd3 g6 20. Bh6 Rf7 21. a4
a6 22. Ra1 b5 23. axb5 axb5 24. Rxa8 Qxa8 25. Re1 c4 26. Bf1 b4 27. Nd1 Qxd5+
28. Kc1 c3 29. Qd3 Qa5 30. Kb1 cxb2 31. Nxb2 Nd5 32. Qa6 Nc3+ 33. Kc1 Na2+ 34.
Kb1 1/2-1/2

[Event "4NCL/Div3/CAMB2 vs. ANGA1"]
[Site "Sunningdale ENG"]
[Date "2008.05.05"]
[Round "11.2"]
[White "Player, Edmund C"]
[Black "Beckett, Chris J"]
[Result "1-0"]
[WhiteElo "2133"]
[BlackElo "2108"]
[PlyCount "65"]
[EventDate "2008.05.05"]
[EventType "team"]
[EventRounds "11"]
[EventCountry "ENG"]
[SourceDate "2007.09.15"]

1. e4 Nc6 2. d4 d5 3. exd5 Qxd5 4. Nf3 Bg4 5. Be2 O-O-O 6. c3 Nf6 {=} 7. O-O
Qh5 8. h3 e5 9. hxg4 Nxg4 10. Nh4 {=} f5 11. g3 exd4 12. f3 Nge5 13. f4 Ng4 14.
Qd3 Bc5 15. Bxg4 dxc3+ 16. Kg2 fxg4 17. Qf5+ Qxf5 18. Nxf5 g6 19. Nh6 Nb4 20.
Nxc3 Rhe8 21. Nxg4 Nc2 22. Rb1 Ne1+ 23. Kh3 Nd3 24. Nf6 Re6 25. Nfe4 Bb4 26. a3
Bxc3 27. Nxc3 Ne1 28. Be3 Nc2 29. Bf2 Rd3 30. Rbd1 Rf3 31. Kg2 Rfe3 32. Rd2
Ne1+ 33. Kh3 1-0

[Event "4NCL/Div3/CAMB2 vs. ANGA1"]
[Site "Sunningdale ENG"]
[Date "2008.05.05"]
[Round "11.3"]
[White "Chan, Nevil"]
[Black "Spence, David"]
[Result "0-1"]
[WhiteElo "2065"]
[BlackElo "2198"]
[PlyCount "52"]
[EventDate "2008.05.05"]
[EventType "team"]
[EventRounds "11"]
[EventCountry "ENG"]
[SourceDate "2007.09.15"]

1. d4 e6 2. Nc3 d5 3. Nf3 Bb4 4. a3 Ba5 5. b4 Bb6 6. Na4 Bd7 7. Nxb6 axb6 8.
Ne5 Bb5 9. c4 Bxc4 10. Nxc4 dxc4 11. e4 b5 12. Be3 Nf6 13. f3 Qe7 14. Kf2 c6
15. Be2 Nbd7 16. Qd2 O-O 17. Rhd1 Rfd8 18. Kg1 h6 19. Qe1 Ra6 20. Rd2 Rda8 21.
Rda2 Nb6 22. Bd1 Na4 23. Bc2 e5 24. Bxa4 Rxa4 25. Qc3 Nd7 26. Rd1 Rxb4 0-1

[Event "4NCL/Div3/CAMB2 vs. ANGA1"]
[Site "Sunningdale ENG"]
[Date "2008.05.05"]
[Round "11.4"]
[White "Gregory, Stephen J"]
[Black "Jones, Richard M"]
[Result "0-1"]
[WhiteElo "2179"]
[BlackElo "2064"]
[PlyCount "86"]
[EventDate "2008.05.05"]
[EventType "team"]
[EventRounds "11"]
[EventCountry "ENG"]
[SourceDate "2007.09.15"]

1. e4 e5 2. Bc4 Nc6 3. Nf3 Nf6 4. Qe2 Bc5 5. c3 d6 6. d3 Be6 7. Nbd2 Qe7 8. h3
a6 9. b4 Bb6 10. Nf1 Bxc4 11. dxc4 a5 12. b5 Nd8 13. Ng3 g6 14. O-O Ne6 15. Re1
O-O-O 16. Bh6 Nd7 17. Rad1 f6 18. Qd2 Qf7 19. Qd5 Bc5 20. Nd2 Nb6 21. Qd3 a4
22. Qf3 Kb8 23. Ngf1 f5 24. exf5 gxf5 25. Ne3 f4 26. Ng4 Rhg8 27. Kh1 Rg6 28.
Ne4 Rdg8 29. Nxc5 Nxc5 30. g3 Qxc4 31. gxf4 e4 32. Qe3 Nd5 33. Qd4 Qxc3 34.
Qxc3 Nxc3 35. Rd2 Nd3 36. Re3 Nb1 37. Rde2 Nc3 38. f5 Rxg4 39. hxg4 Nxe2 40.
Rxe2 Rxg4 41. Bd2 Ne5 42. Kh2 Nf3+ 43. Kh3 h5 0-1

[Event "4NCL/Div3/CAMB2 vs. ANGA1"]
[Site "Sunningdale ENG"]
[Date "2008.05.05"]
[Round "11.5"]
[White "Gooding, Ian"]
[Black "Munson, Shaun D"]
[Result "1-0"]
[WhiteElo "2014"]
[BlackElo "2181"]
[PlyCount "117"]
[EventDate "2008.05.05"]
[EventType "team"]
[EventRounds "11"]
[EventCountry "ENG"]
[SourceDate "2007.09.15"]

1. e4 c5 2. Nf3 a6 3. c4 Nc6 4. d4 cxd4 5. Nxd4 e5 6. Nf5 d6 7. Ne3 g6 8. Nc3
Bg7 9. Be2 Nge7 10. O-O O-O 11. Nc2 f5 12. exf5 gxf5 13. Bg5 h6 14. Bh4 Be6 15.
Nd5 Bxd5 16. cxd5 Nb8 17. Rc1 Nd7 18. Ne3 Bf6 19. Bxf6 Rxf6 20. b4 Rf8 21. Qb3
Ng6 22. g3 Rc8 23. Rxc8 Qxc8 24. Qb1 Ne7 25. Rc1 Qd8 26. Rc4 Nb6 27. Rh4 Kg7
28. Rh5 Qd7 29. Qd1 Qe8 30. Qd2 Qg6 31. Rh4 Qf6 32. a4 Rc8 33. a5 Nd7 34. Bd3
e4 35. Bf1 Ne5 36. Be2 Nf7 37. Kg2 Ng6 38. Rh5 Ne7 39. Rh4 Qc3 40. Qa2 Qxb4 41.
Rf4 Kg6 42. Qa1 Ne5 43. Qd1 Qb2 44. Bh5+ Kf6 45. Nxf5 Nxf5 46. g4 Ke7 47. Rxf5
e3 48. Qa4 e2 49. Qe4 Rc1 50. Rf7+ Kd8 51. Rf8+ Kc7 52. Qh7+ Nd7 53. Be8 Qb5
54. Bxd7 Qxd5+ 55. f3 e1=N+ 56. Kh3 Qxf3+ 57. Rxf3 Nxf3 58. Ba4+ Kb8 59. Qxh6
1-0

[Event "4NCL/Div3/CAMB2 vs. ANGA1"]
[Site "Sunningdale ENG"]
[Date "2008.05.05"]
[Round "11.6"]
[White "Gray, Mark S"]
[Black "Kreuzer, Christopher"]
[Result "1/2-1/2"]
[WhiteElo "2129"]
[BlackElo "1949"]
[PlyCount "81"]
[EventDate "2008.05.05"]
[EventType "team"]
[EventRounds "11"]
[EventCountry "ENG"]
[SourceDate "2007.09.15"]

1. e4 c5 2. d4 cxd4 3. c3 dxc3 4. Nxc3 d6 5. Nf3 Nf6 6. Bc4 e6 7. O-O Be7 8.
Qe2 a6 9. Rd1 Qc7 10. Bf4 Nc6 11. Rac1 Bd7 12. Bb3 O-O 13. Qd3 Rad8 14. Bxd6
Bxd6 15. Qxd6 Qxd6 16. Rxd6 Bc8 17. Rcd1 Rxd6 18. Rxd6 Rd8 {=} 19. Rxd8+ Nxd8
20. e5 Ne8 21. Na4 b5 22. Nc5 Nc7 23. Ng5 Nb7 24. Nge4 Nxc5 25. Nxc5 Kf8 26. f4
Ke7 27. Bc2 h6 28. Kf2 Bd7 29. Be4 b4 30. Nxd7 Kxd7 31. g3 Nb5 32. Ke3 Kc7 33.
g4 g6 34. h4 a5 35. g5 h5 36. Bc2 Kb6 37. Ba4 Kc5 38. Bxb5 Kxb5 39. Kd4 a4 40.
b3 a3 41. Kd3 1/2-1/2